Kompetentnosť manažérov v strategickom riadení

Význam strategického manažmentu pre úspešný rozvoj podniku v období prechodu k trhovému hospodárstvu. Formulácia stratégie podniku - rozhodnutie o strategických cieľoch. Kompetencia manažérov strategického riadenia. Nároky na kompetentnosť v strategickom riadení zhrnuté do desiatich bodov. Charakter...

Ausführliche Beschreibung

Gespeichert in:
Bibliographische Detailangaben
1. Verfasser: Horecká, Katarína
Format: Buchkapitel
Sprache:Slowakisch
Schlagworte:
Tags: Tag hinzufügen
Keine Tags, Fügen Sie das erste Tag hinzu!

MARC

LEADER 00000naa a2200000 4500
001 r020591
005 20230419073324.1
041 0 |a slo 
044 |a SK 
245 1 0 |a Kompetentnosť manažérov v strategickom riadení  |c Katarína Horecká 
520 |a Význam strategického manažmentu pre úspešný rozvoj podniku v období prechodu k trhovému hospodárstvu. Formulácia stratégie podniku - rozhodnutie o strategických cieľoch. Kompetencia manažérov strategického riadenia. Nároky na kompetentnosť v strategickom riadení zhrnuté do desiatich bodov. Charakteristika jednotlivých bodov. 
610 2 0 |a manažment strategický 
610 2 0 |a manažéri 
610 2 0 |a kompetencie 
610 2 0 |a stratégia podniková 
610 2 0 |a riadenie strategické 
100 1 |a Horecká, Katarína